| 000 | 00501cam a2200205ua 4500 | ||
|---|---|---|---|
| 001 | 4388 | ||
| 008 | 160624n II |||gr||||Z||||||asm | ||
| 040 | _aMAIN | ||
| 041 | _aEnglish | ||
| 082 | _a519.4 PAT | ||
| 100 | _aPATHOK, KISHORI MOHAN. | ||
| 245 | _aPADARTHA BIGYANAR ANGKA | ||
| 250 | _a4TH. | ||
| 260 |
_a[s.l]: _bBORUA AGENCY, _c1990. |
||
| 300 | _c20CM. | ||
| 653 | _aNumerical Physics | ||
| 700 |
_aPATHOK, KISHORI MOHAN., _eAuthor. |
||
| 700 | _aBARUAH, PRABIN CHANDRA. | ||
| 942 | _cBK | ||
| 999 |
_c4375 _d4375 |
||